A growing appetite for Bulgarian investment (Record no. 74901)

MARC details
000 -LEADER
fixed length control field 00861cab a2200229 4500
001 - CONTROL NUMBER
control field X129020
008 - FIXED-LENGTH DATA ELEMENTS--GENERAL INFORMATION
fixed length control field 050310n2005 000 0 eng u
035 ## - SYSTEM CONTROL NUMBER
System control number (Sirsi) u129020
100 ## - MAIN ENTRY--PERSONAL NAME
Personal name Kirov, G.
245 #2 - TITLE STATEMENT
Title A growing appetite for Bulgarian investment
260 ## - PUBLICATION, DISTRIBUTION, ETC.
Date of publication, distribution, etc. 2005
490 ## - SERIES STATEMENT
Series statement Property Forecast
Volume/sequential designation 8(2) February 2005, 4-5(2)
520 ## - SUMMARY, ETC.
Summary, etc. Assesses the growing popularity of the Bulgarian property market. At present the growth in supply, demand and prices has been fuelled by strong growth of the Bulgarian economy and economic stability. Examines the commercial and residential property market. Graphs.
590 ## - LOCAL NOTE (RLIN)
Local note ABS
650 ## - SUBJECT ADDED ENTRY--TOPICAL TERM
Topical term or geographic name entry element BULGARIA
650 ## - SUBJECT ADDED ENTRY--TOPICAL TERM
Topical term or geographic name entry element COMMERCIAL MARKET
650 ## - SUBJECT ADDED ENTRY--TOPICAL TERM
Topical term or geographic name entry element RESIDENTIAL MARKET
650 ## - SUBJECT ADDED ENTRY--TOPICAL TERM
Topical term or geographic name entry element OFFICES
650 ## - SUBJECT ADDED ENTRY--TOPICAL TERM
Topical term or geographic name entry element RETAIL
690 ## - LOCAL SUBJECT ADDED ENTRY--TOPICAL TERM (OCLC, RLIN)
Topical term or geographic name as entry element PROPERTY-COMMERCIAL PROPERTY-COMMERCIAL PROPERTY MARKET
942 ## - ADDED ENTRY ELEMENTS (KOHA)
Suppress in OPAC 0
Holdings
Withdrawn status Lost status Source of classification or shelving scheme Damaged status Not for loan Home library Current library Shelving location Date acquired Total Checkouts Full call number Barcode Date last seen Copy number Price effective from Koha item type
    Dewey Decimal Classification     London London Journal article 10/03/2005   X129020 129020-1001 06/08/2019 1 06/08/2019 Journal article